Normal view MARC view
  • effects of HCV

Entry Uniform Title

Number of records used in: 3

001 - CONTROL NUMBER

  • control field: 3271

003 - CONTROL NUMBER IDENTIFIER

  • control field: NUST

005 - DATE AND TIME OF LATEST TRANSACTION

  • control field: 20170713130138.0

008 - FIXED-LENGTH DATA ELEMENTS

  • fixed length control field: 170713|| aca||aabn | a|a d

040 ## - CATALOGING SOURCE

  • Original cataloging agency: NUST
  • Transcribing agency: NUST

130 ## - HEADING--UNIFORM TITLE

  • Uniform title: effects of HCV

670 ## - SOURCE DATA FOUND

  • Source citation: Work cat.: (NUST): Farakh Javed. 3270, Th-PhD-Evaluation of the cellular and molecular effects of HCV non-structural proteins on mitochondrial mediated apoptotic patway , 2016.
© 2023 Central Library, National University of Sciences and Technology. All Rights Reserved.